Les 10 pays les plus musulmans au monde - Statistiques

Statistiques générales
  • Ce quiz a été pris 514 fois
  • Le résultat moyen est 5 sur 10
Statistiques - réponses
RANG PAYS pourcentage % Correct
9 Algérie 99%
91%
3 Maroc 99,9%
90%
8 Tunisie 99%
81%
6 Iran 99,4%
68%
5 Afghanistan 99,7%
50%
7 Yémen 99,2%
42%
2 Mauritanie 99,9%
41%
10 Niger 98,3%
27%
4 Somalie 99,8%
26%
1 Maldives 100%
17%
Aucun quiz correspondant
Distribution des résultats
% des personnes avec chaque résultat
Percentile par nombre de réponses
Votre historique - résultats
Vous n’avez pas pris ce quiz